<?xml version="1.0" encoding="UTF-8"?>
<record
    xmlns:xsi="http://www.w3.org/2001/XMLSchema-instance"
    xsi:schemaLocation="http://www.loc.gov/MARC21/slim http://www.loc.gov/standards/marcxml/schema/MARC21slim.xsd"
    xmlns="http://www.loc.gov/MARC21/slim">

  <leader>00669nam a22001337a 4500</leader>
  <datafield tag="040" ind1=" " ind2=" ">
    <subfield code="c">RUA </subfield>
  </datafield>
  <datafield tag="082" ind1=" " ind2=" ">
    <subfield code="a">AVM SEM 2012 B101 Or.1</subfield>
  </datafield>
  <datafield tag="100" ind1=" " ind2=" ">
    <subfield code="a">SEM VICHHAY</subfield>
  </datafield>
  <datafield tag="245" ind1=" " ind2=" ">
    <subfield code="a">Survey food and mouth disease in cattle at borset district, kompong spue province, (&#x1780;&#x17B6;&#x179A;&#x17A2;&#x1784;&#x17D2;&#x1780;&#x17C1;&#x178F;&#x1780;&#x17A2;&#x17C6;&#x1796;&#x17B8;&#x1780;&#x1798;&#x17D2;&#x179A;&#x17B7;&#x178F;&#x179A;&#x17B6;&#x179B;&#x178A;&#x17B6;&#x179B;&#x1793;&#x17C3;&#x1787;&#x17C6;&#x1784;&#x17BA;&#x17A2;&#x17BB;&#x178F;&#x1780;&#x17D2;&#x178A;&#x17B6;&#x1798;&#x1782;&#x17C4; &#x1793;&#x17C5;&#x1780;&#x17D2;&#x1793;&#x17BB;&#x1784;&#x179F;&#x17D2;&#x179A;&#x17BB;&#x1780;&#x1794;&#x179A;&#x179F;&#x17C1;&#x178A;&#x17D2;&#x178B; &#x1781;&#x17C1;&#x178F;&#x17D2;&#x178F;&#x1780;&#x17C6;&#x1796;&#x1784;&#x17CB;&#x179F;&#x17D2;&#x1796;&#x17BA;)</subfield>
  </datafield>
  <datafield tag="260" ind1=" " ind2=" ">
    <subfield code="a">Phnom Penh </subfield>
    <subfield code="b">Rua </subfield>
    <subfield code="c">2012</subfield>
  </datafield>
  <datafield tag="300" ind1=" " ind2=" ">
    <subfield code="a">viii; 39p.</subfield>
    <subfield code="b">ill.</subfield>
    <subfield code="c">29cm.</subfield>
  </datafield>
  <datafield tag="856" ind1=" " ind2=" ">
    <subfield code="u">https://drive.google.com/file/d/1Dath55s-X3stjh3cWBSotTNCere7E4hG/view?usp=sharing</subfield>
  </datafield>
  <datafield tag="942" ind1=" " ind2=" ">
    <subfield code="c">AVM</subfield>
  </datafield>
  <datafield tag="999" ind1=" " ind2=" ">
    <subfield code="c">2636</subfield>
    <subfield code="d">2636</subfield>
  </datafield>
  <datafield tag="952" ind1=" " ind2=" ">
    <subfield code="0">0</subfield>
    <subfield code="1">0</subfield>
    <subfield code="2">ddc</subfield>
    <subfield code="4">0</subfield>
    <subfield code="6">AVM_SEM_2012_000000000000000_B101_OR_1</subfield>
    <subfield code="7">0</subfield>
    <subfield code="9">12318</subfield>
    <subfield code="a">LBB</subfield>
    <subfield code="b">LBB</subfield>
    <subfield code="c">B101</subfield>
    <subfield code="d">2015-10-24</subfield>
    <subfield code="l">1</subfield>
    <subfield code="o">AVM SEM 2012 B101 Or.1</subfield>
    <subfield code="p">RUA015128</subfield>
    <subfield code="r">2016-08-02</subfield>
    <subfield code="s">2016-07-20</subfield>
    <subfield code="w">2015-10-24</subfield>
    <subfield code="y">AVM</subfield>
  </datafield>
  <datafield tag="952" ind1=" " ind2=" ">
    <subfield code="0">0</subfield>
    <subfield code="1">0</subfield>
    <subfield code="2">ddc</subfield>
    <subfield code="4">0</subfield>
    <subfield code="6">AVM_SEM_2012_000000000000000_B101_OR_2</subfield>
    <subfield code="7">0</subfield>
    <subfield code="9">12319</subfield>
    <subfield code="a">LBB</subfield>
    <subfield code="b">LBB</subfield>
    <subfield code="c">B101</subfield>
    <subfield code="d">2015-10-24</subfield>
    <subfield code="o">AVM SEM 2012 B101 Or.2</subfield>
    <subfield code="p">RUA015127</subfield>
    <subfield code="r">2015-10-24</subfield>
    <subfield code="w">2015-10-24</subfield>
    <subfield code="y">AVM</subfield>
  </datafield>
  <datafield tag="952" ind1=" " ind2=" ">
    <subfield code="0">0</subfield>
    <subfield code="1">0</subfield>
    <subfield code="2">ddc</subfield>
    <subfield code="4">0</subfield>
    <subfield code="6">AVM_SEM_2012_000000000000000_B101_OR_3</subfield>
    <subfield code="7">0</subfield>
    <subfield code="9">12320</subfield>
    <subfield code="a">LBB</subfield>
    <subfield code="b">LBB</subfield>
    <subfield code="c">B101</subfield>
    <subfield code="d">2015-10-24</subfield>
    <subfield code="o">AVM SEM 2012 B101 Or.3</subfield>
    <subfield code="p">RUA018820</subfield>
    <subfield code="r">2015-10-24</subfield>
    <subfield code="w">2015-10-24</subfield>
    <subfield code="y">AVM</subfield>
  </datafield>
  <datafield tag="952" ind1=" " ind2=" ">
    <subfield code="0">0</subfield>
    <subfield code="1">0</subfield>
    <subfield code="2">ddc</subfield>
    <subfield code="4">0</subfield>
    <subfield code="6">AVM_SEM_2012_000000000000000_B101_OR_4</subfield>
    <subfield code="7">0</subfield>
    <subfield code="9">12321</subfield>
    <subfield code="a">LBB</subfield>
    <subfield code="b">LBB</subfield>
    <subfield code="c">B101</subfield>
    <subfield code="d">2015-10-24</subfield>
    <subfield code="l">1</subfield>
    <subfield code="o">AVM SEM 2012 B101 Or.4</subfield>
    <subfield code="p">RUA016524</subfield>
    <subfield code="r">2018-05-18</subfield>
    <subfield code="s">2018-04-30</subfield>
    <subfield code="w">2015-10-24</subfield>
    <subfield code="y">AVM</subfield>
  </datafield>
  <datafield tag="952" ind1=" " ind2=" ">
    <subfield code="0">0</subfield>
    <subfield code="1">0</subfield>
    <subfield code="2">ddc</subfield>
    <subfield code="4">0</subfield>
    <subfield code="6">AVM_SEM_2012_000000000000000_B101_OR_5</subfield>
    <subfield code="7">0</subfield>
    <subfield code="9">12322</subfield>
    <subfield code="a">LBB</subfield>
    <subfield code="b">LBB</subfield>
    <subfield code="c">B101</subfield>
    <subfield code="d">2015-10-24</subfield>
    <subfield code="o">AVM SEM 2012 B101 Or.5</subfield>
    <subfield code="p">RUA018178</subfield>
    <subfield code="r">2015-10-24</subfield>
    <subfield code="w">2015-10-24</subfield>
    <subfield code="y">AVM</subfield>
  </datafield>
</record>
